[Event "SVK-chT2 6th B02 corr"]
[Site "Slovakia"]
[Date "2004.02.15"]
[Round "?"]
[White "Mego, Peter"]
[Black "Kajan, Marcel"]
[Result "1-0"]
[WhiteElo "2286"]
[BlackElo "1700"]
[PlyCount "31"]
[EventDate "2004.??.??"]
[EventType "team (corr)"]
[EventRounds "10"]
[EventCountry "SVK"]
[SourceTitle "Corr 2006"]
[Source "ChessBase"]
[SourceDate "2006.04.01"]
[SourceVersion "3"]
[SourceVersionDate "2006.04.01"]
[SourceQuality "1"]

1. d4 Nf6 2. Nf3 e6 3. g3 b6 4. Bg2 Bb7 5. c4 Be7 6. Nc3 Ne4 7. Bd2 Bf6 8. 0-0 0-0 9. Qc2 Nxd2 10. Qxd2 c5 11. dxc5 bxc5 12. Rad1 Qb6 13. b3 Rd8 14. Na4 Qc7 15. Qd6 Qxd6 16. Rxd6 1-0